| 000 | 00802nam a2200229 i 4500 | ||
|---|---|---|---|
| 001 | 129225 | ||
| 003 | ES-MaACL | ||
| 005 | 20230906193448.0 | ||
| 007 | t| | ||
| 008 | 070608s1953 sp ||||1| spa d | ||
| 080 | _a87-221"00" | ||
| 100 | 1 |
_aTerencio Africano, Publio. _9109734 |
|
| 245 | 1 | 0 |
_aComedias / _cPublio Terencio Africano ; traducción del latín y prólogo por Pedro A. Voltes Bou. |
| 260 |
_a[Barcelona : _bArtes Gráficas Salvá, _c1953] |
||
| 300 |
_a329 p. : _bil. ; _c19 cm. |
||
| 490 | 1 | _aObras maestras | |
| 505 | 8 | _aContiene: Andria. El verdugo de sí mismo. El eunuco. Formión. La hecyra. Los Hermanos. | |
| 700 | 0 |
_aVoltes Bou, Pedro, _d1926-2009 _9115726 |
|
| 830 | 0 |
_aObras maestras _9181001 |
|
| 852 |
_aES-MaACL _jC-6498 _bR.35624 |
||
| 999 |
_c129225 _d129225 |
||